000 01582nam a22002417a 4500
999 _c58543
_d58543
003 Ge_BSU
005 20220531140914.0
008 220531s2019 ge ||||| |||| 00| 0 geo d
020 _a9789941819308
041 _ageo
080 _a2-1 შ-53
100 _aშესტოვი, ლევ
_913894
245 _aშემოქმედი და დამანგრეველი სამყარო. კირკეგორი - რელიგიური ფილოსოფოსი. კირკეგორი და დოსტოევსკი. დიდი ფილოსოფოსის ხსოვნას (ედმუნდ ჰუსერლი) :
_b[კრებული] /
_cლევ შესტოვი ; მთარგმნელები: დიმიტრი უჩანეიშვილი, ირაკლი ბრაჭული, ქეთი ცხვარიაშვილი.
264 _aთბილისი :
_bაქტი,
_c2019.
300 _a160 გვ. ;
_b19 სმ.
653 _a რელიგიის ფილოსოფია
653 _a დანიელი ფილოსოფოსები
653 _a კირკეგორი, სიორენ.
700 _aუჩანეიშვილი, დიმიტრი
_eმთარგმნელი
_913895
700 _aბრაჭული, ირაკლი
_eმთარგმნელი.
_910107
700 _aცხვარიაშვილი, ქეთი
_eმთარგმნელი
_913910
942 _2udc
_cBK